000 01415cam0 2200337 ib4500
001 BY-MI0004-br51796
005 20260319113520.0
010 ^a978-5-699-48896-4
^d4 р.
035 ^a(BY-MI0004)BY-MI0004-br51796
100 ^a20260115d2011 a y0rusy50 ca
101 0 ^arus
102 ^aRU
105 ^aa z 000zy
109 ^ama
200 1 ^aАз и Бука в стране букв
^e[для дошкольного возраста]
^fТатьяна Бокова
^g[художник А. Копырин]
210 ^aМосква
^cЭксмо
^d2011
215 ^a64 с.
^cцв. ил.
^d29 см
225 1 ^aЧудо-школа Татьяны Боковой
333 ^a0 +
345 ^95000 экз.
608 ^3BY-NLB-ar9019
^aДЕТСКАЯ И ЮНОШЕСКАЯ ЛИТЕРАТУРА (художеств. произведение)
^2BYGNR
608 ^3BY-NLB-ar32087
^aСТИХОТВОРЕНИЕ
^2BYGNR
608 ^3BY-NLB-ar2690311
^aПОСЛОВИЦА
^2BYGNR
608 ^3BY-NLB-ar10572
^aЗАГАДКА
^2BYGNR
686 ^a84(2Рос)6
^2rubbk
690 ^a1
^2Base
^9BY-MI0004
^xRSEK
700 1 ^3BY-SEK-1014980
^aБокова
^bТ. В.
^gТатьяна Викторовна
^cписательница
^fрод. 1967
801 0 ^aBY
^bBY-MI0004
^c20260115
^gRCR
899 ^aBY-MI0004
^h84(2Рос)6
^iБ 78